College Quizbowl Stats
College Quizbowl Stats
Circuits
Seasons
Sets
Records
Detailed Stats
About
Loading...
2023 ARCADIA at Ohio State
Tossups
Bonuses
Players
Teams
Categories (Tossup)
Categories (Bonus)
Subhamitra
Michigan A
Categories
Category
Powers
Gets
Negs
BBs
Points
Earliest Buzz
Avg. Buzz
First Buzzes
Top 3 Buzzes
BPA
PVF
Beliefs
0
3
0
0
30
25
72.33
3
3
0.00
0.00
Current Events
2
0
0
0
30
44
44.50
2
2
0.00
0.00
History - World
1
0
0
0
15
44
44.00
1
1
0.00
0.00
Other Arts: Visual
0
1
0
0
10
94
94.00
1
1
0.00
0.00
Buzzes
Category
Answer
Value
Buzz Position
Beliefs
eating
10
25
History - World
Indonesia
15
44
Current Events
automotive industry
15
44
Current Events
Disney
15
45
Beliefs
caves
10
92
Other Arts: Visual
Saint Sophia
10
94
Beliefs
zakat
10
100
Previous
1
Next